Deutsch im interkulturellen Begegnungsraum Ostmitteleuropa

Bibliographic Details
Other Authors: Hess-Lüttich, Ernest W. B. , 1949- (Editor), Czeglédy, Anita (Editor), Langanke, Ulrich H. (Editor)
Format: Book
Language:German
PhysicalDescription:579 s. ilustr. 21 cm
Published: Frankfurt am Main Peter Lang c2010
ISBN:9783631600511
ISSN:0945-9588
Series:Cross cultural communication
Publikationen der Gesellschaft für Interkulturelle Germanistik (GIG)
Subjects:

MARC

LEADER 00000nam a2200000 a 4500
001 vtls010185009
003 SK-MaSNL
005 20260301042426.0
008 251029s2010 gw a n 100 0 ger
020 |a 9783631600511  |q (brož.) 
035 |a urn:nbn:sk:snk-am00a13m 
035 |a urn:nbn:sk:snk-am3hcs2 
035 |a 09964C84-632A-46D0-AA1C-8711A7B22C77 
040 |a SNK  |b slo  |c SNK  |e AACR2 
041 0 |a ger 
043 |a et----- 
044 |a gw  |c DE 
072 7 |a 811.112.2  |x Nemčina  |2 konspekt 
072 7 |a 316.4  |x Sociálne procesy  |2 konspekt 
080 |a 811.112.2`1  |x (063)  |2 2001 
080 |a 316.77  |2 2001 
080 |a 81`27  |2 2001 
245 0 0 |a Deutsch im interkulturellen Begegnungsraum Ostmitteleuropa  |c herausgegeben von Ernest W. B. Hess-Lüttich gemeinsam mit Anita Czeglédy und Ulrich H. Langanke 
260 |a Frankfurt am Main  |b Peter Lang  |c c2010 
300 |a 579 s.  |b ilustr.  |c 21 cm 
490 1 |a Cross cultural communication  |x 0945-9588  |v vol. 19 =  |a Publikationen der Gesellschaft für Interkulturelle Germanistik (GIG)  |v Vol. 14 
504 |a Bibliogr. 
650 0 7 |a nemčina  |z Európa stredná (východná časť)  |2 snkph  |9 345670 
650 0 7 |a interkultúrna komunikácia  |2 snkph  |9 2689 
655 7 |a zborníky konferencií  |2 snkph  |9 70153 
700 1 |a Hess-Lüttich, Ernest W. B. ,  |d 1949-  |4 edt  |9 345671 
700 1 |a Czeglédy, Anita  |4 edt  |9 345672 
700 1 |a Langanke, Ulrich H.  |4 edt  |9 345673 
830 0 |a Cross cultural communication  |9 345674 
830 0 |a Publikationen der Gesellschaft für Interkulturelle Germanistik (GIG)  |9 345675 
919 |a 978-3-631-60051-1 
958 |a ZS 
958 |a DE 
958 |a NB 
999 |c 590959  |d 592889 
952 |a SNK  |b SNK  |y PREZ  |7 0  |p 17A0676491  |o snkSC 142672  |i snk2010/24223  |8 2  |g 89.00  |0 0  |1 0  |4 0  |d 2010-11-02  |f 1  |l 0  |r 2025-07-10 00:00:00  |w 2026-02-23